Guess the Food - Statistics

General Stats
  • This quiz has been taken 1,867 times
  • The average score is 9 of 15
Answer Stats
Description Food % Correct
A cooked meat patty between two buns with lettuce, tomatoes, and onions. Hamburger
89%
Fried pieces of potato. Fries
77%
Fried dough in a circle shape with a famous hole in the middle. Doughnut
75%
Chicken dipped in batter, then deep fried. Fried Chicken
74%
A pie stuffed with apple jam. Apple Pie
73%
Cheese, dough, and tomato sauce baked with optional toppings Pizza
71%
Two sheets of pasta, sandwiching meat, tomatoes, ricotta cheese, and onions together. Lasagna
65%
Ground peanuts, grape, strawberry, or cherry jelly, smack in between two pieces of bread. Peanut Butter and Jelly Sandwich
64%
Elbow pasta covered in cheddar cheese. Mac and Cheese
60%
Gelatin cold dessert that comes in a powder. Jell-O
51%
Mystery meat in between two buns. Cooked on a grill. Hot Dog
42%
Noodles with tomato sauce, parmesan cheese, and meatballs. Spaghetti and Meatballs
40%
Corn bread with a mystery meat sausage inside. Corn Dog
37%
Pork belly smoked, then cooked/fried to greasy perfection. Bacon
31%
Flour, sugar, eggs, water, and other spices/flavorings baked in an oven. Cookies
15%
No matching quizzes found
Score Distribution
Percent of People with Each Score
Percentile by Number Answered
Your Score History
You have not taken this quiz